000 00696nam a22002177a 4500
999 _c65682
_d65682
005 20240530110838.0
008 191202s2013 ua a f 000 0aara d
017 _a2013/4085
_bمصر. دار الكتب
020 _a9789777010498
040 _aEG-CaGPL
_cEG-CaGPL
082 0 4 _221
_a363.72
_bق / ع ص
245 _a؟؟؟؟؟؟؟؟؟؟
250 _aط . 1
260 _aالقاهرة :
_bمكتبة الشروق الدولية،
_c2013 .
300 _a276 ص . :
_bايض . ؛
_c24 سم .
650 0 7 _2qrmak
_aالرعاية الصحية
650 0 7 _aالصحة العامة
_zمصر
_2qrmak
651 _2qrmak
942 _2ddc
_cBK